000 00243nam a2200109Ia 4500
100 _aChawla/Shashi
942 _cBK
245 _aText book of environmental studies
260 _bTata Mc Graw hill Ltd.
_c2012
546 _aENGLISH
999 _c20275
_d20275